000
00322nam a22001337a 4500
008
180905b xxu||||| |||| 00| 0 eng d
020
_a
9780072831061
041
_a
eng
080
_a
510
100
_a
37
101
_a
MAT
245
_a
Inter Mediate Algebra A real World Approach
_c
Bello.i
942
_2
udc
_c
BK
999
_c
47530
_d
47530